[Event "Panamericano Sub 20 - Absoluto -"]
[Site "Montevideo"]
[Date "2009.10.06"]
[Round "1"]
[White "Diamant, André"]
[Black "Silveira, Shubert"]
[Result "1-0"]
[WhiteElo "2526"]
[BlackElo "2065"]
[PlyCount "57"]
[EventDate "2009.10.??"]
[EventType "swiss"]
[EventRounds "9"]
[EventCountry "URU"]
[SourceDate "2009.10.06"]

1. e4 c5 2. Nf3 d6 3. d4 cxd4 4. Nxd4 Nf6 5. Nc3 a6 6. Be2 e6 7. O-O Be7 8. f4
Nc6 9. a4 Qc7 10. Be3 O-O 11. Bf3 Re8 12. Qd2 Nxd4 13. Qxd4 e5 14. Qd2 exf4 15.
Bxf4 Be6 16. Rad1 Rad8 17. Kh1 Qc5 18. Qd4 Ng4 19. Qxc5 dxc5 20. Nd5 Rd7 21. h3
Nf6 22. Nxe7+ Rexe7 23. Bd6 Bc4 24. Rfe1 h6 25. Bxe7 Rxe7 26. Rd8+ Kh7 27. e5
Nd7 28. c3 Be6 29. Bxb7 1-0

[Event "Panamericano Sub 20 - Absoluto -"]
[Site "Montevideo"]
[Date "2009.10.06"]
[Round "1"]
[White "Gallego, Andrés"]
[Black "Decuadro, Sebastián"]
[Result "1-0"]
[WhiteElo "2404"]
[BlackElo "2034"]
[PlyCount "76"]
[EventDate "2009.10.??"]
[EventType "swiss"]
[EventRounds "9"]
[EventCountry "URU"]
[SourceDate "2009.10.06"]

1. e4 c5 2. Nf3 d6 3. d4 cxd4 4. Nxd4 Nf6 5. Nc3 a6 6. Bc4 e6 7. Bb3 Nbd7 8.
Bg5 Qa5 9. Bxf6 Nxf6 10. O-O Be7 11. Kh1 O-O 12. f4 Bd7 13. f5 e5 14. Nde2 Bc6
15. Ng3 Qc5 16. a3 Qe3 17. Rf3 Qh6 18. Qe2 Rac8 19. Rd1 Qh4 20. Nd5 Bxd5 21.
Bxd5 Rc7 22. Bb3 b5 23. c3 Rc5 24. Rfd3 Rfc8 25. Bd5 R5c7 26. Nf1 Nxd5 27. Rxd5
Rc4 28. Nd2 R4c5 29. Rd3 Rd8 30. g3 Qf6 31. Nf1 d5 32. Ne3 dxe4 33. Ng4 Qb6 34.
Rxd8+ Bxd8 35. Qxe4 Rc8 36. Nxe5 Qc5 37. Re1 h6 38. Nd7 Qc4 1-0

[Event "Panamericano Sub 20 - Absoluto -"]
[Site "Montevideo"]
[Date "2009.10.06"]
[Round "1"]
[White "Mamani, Joan"]
[Black "Tristán, Leonardo"]
[Result "0-1"]
[WhiteElo "2060"]
[BlackElo "2412"]
[PlyCount "166"]
[EventDate "2009.10.??"]
[EventType "swiss"]
[EventRounds "9"]
[EventCountry "URU"]
[SourceDate "2009.10.06"]

1. e4 c5 2. Nf3 Nc6 3. g3 g6 4. d4 cxd4 5. Nxd4 Bg7 6. Ne2 Nf6 7. Bg2 O-O 8.
O-O d6 9. Nbc3 Bd7 10. h3 Rc8 11. Be3 Ne5 12. b3 Qa5 13. Nd5 Nc6 14. Bd2 Qa6
15. c3 Nxd5 16. exd5 Nb4 17. a3 Nd3 18. Nd4 Nb2 19. Qb1 Nd3 20. Rd1 Nc5 21. Re1
Rfe8 22. Be3 Bxd4 23. cxd4 Bf5 24. Qa2 Nd7 25. g4 Rc2 26. Qb1 Rxf2 27. gxf5
Rxf5 28. Ra2 Nf6 29. Rf1 Rh5 30. Raf2 Qxa3 31. Qd3 Rf8 32. Bf3 Rf5 33. Bh6 Re8
34. Bg4 Rxf2 35. Rxf2 Qa5 36. Bf3 Rc8 37. Bd2 Qb6 38. Bg2 Qc7 39. Qe2 Kg7 40.
Qf3 Qb6 41. Qe3 Rc7 42. Kh2 Qb5 43. Qf3 Qb6 44. Be3 Kg8 45. Qd1 Rc3 46. Qd2
Qxb3 47. Bg5 Nxd5 48. Kg1 Ne3 49. Bxe3 Rxe3 50. Qa5 Qd1+ 51. Rf1 Qxd4 52. Qd8+
Kg7 53. Kh1 Qe5 54. Qd7 a5 55. Qxb7 f5 56. Qa6 Qd4 57. Qxa5 Qe5 58. Qa2 Re2 59.
Qc4 Qb2 60. Rg1 Qd2 61. Qc6 Re1 62. Bf1 Qe3 63. Qb7 Qf2 64. Qg2 Qxg2+ 65. Kxg2
d5 66. Kf2 Ra1 67. Rg3 Ra2+ 68. Be2 e5 69. Rb3 d4 70. Ke1 e4 71. Rb7+ Kf6 72.
Rxh7 d3 73. Bd1 Rh2 74. Rd7 Rh1+ 75. Kd2 e3+ 76. Kxe3 Rxd1 77. h4 Rh1 78. Rd6+
Kf7 79. Rd7+ Ke6 80. Ra7 Rxh4 81. Kxd3 Re4 82. Ra8 Kf6 83. Rf8+ Kg5 0-1

[Event "Panamericano Sub 20 - Absoluto -"]
[Site "Montevideo"]
[Date "2009.10.06"]
[Round "1"]
[White "Vaz, Leonardo"]
[Black "Ibarra Chami, Luis"]
[Result "0-1"]
[WhiteElo "2028"]
[BlackElo "2393"]
[PlyCount "66"]
[EventDate "2009.10.??"]
[EventType "swiss"]
[EventRounds "9"]
[EventCountry "URU"]
[SourceDate "2009.10.06"]

1. e4 c5 2. Nf3 Nc6 3. d4 cxd4 4. Nxd4 e6 5. Be3 Nf6 6. Nd2 e5 7. N4b3 d5 8.
Bg5 dxe4 9. Bxf6 Qxf6 10. Nxe4 Qg6 11. Ng3 Be7 12. Bd3 f5 13. c3 O-O 14. Qe2 e4
15. Bc2 a5 16. a3 b6 17. Nd2 Kh8 18. Ba4 Ne5 19. Bb5 Bb7 20. O-O-O Rad8 21. h4
h6 22. h5 Qg5 23. Kb1 e3 24. Nf3 Nxf3 25. gxf3 exf2 26. f4 Qxg3 27. Qxe7 Rb8
28. Rhf1 Bg2 29. Rd3 Qxf4 30. Rd7 Qe4+ 31. Ka2 Qxe7 32. Rxe7 Bxf1 33. Bxf1 Rbe8
0-1

[Event "Panamericano Sub 20 - Absoluto -"]
[Site "Montevideo"]
[Date "2009.10.06"]
[Round "1"]
[White "Macias, Bryan"]
[Black "Izquierdo, Sebastián"]
[Result "1-0"]
[WhiteElo "2363"]
[BlackElo "2018"]
[PlyCount "65"]
[EventDate "2009.10.??"]
[EventType "swiss"]
[EventRounds "9"]
[EventCountry "URU"]
[SourceDate "2009.10.06"]

1. e4 d5 2. exd5 Nf6 3. c4 c6 4. d4 cxd5 5. Nc3 e6 6. Nf3 Be7 7. Bd3 O-O 8. O-O
dxc4 9. Bxc4 Nbd7 10. Qe2 Nb6 11. Bd3 Nbd5 12. Rd1 Bd7 13. Ne5 Rc8 14. Ne4 g6
15. Bh6 Re8 16. Ng5 Nf4 17. Qf3 Nxd3 18. Qxd3 Bc6 19. Ngxf7 Qd5 20. Nxc6 bxc6
21. Ne5 Bd6 22. Bf4 Nh5 23. Be3 Rc7 24. Nc4 Nf4 25. Bxf4 Bxf4 26. g3 Bg5 27. b3
Rd8 28. Ne3 Qa5 29. Qe4 Kf7 30. Rd3 Qb4 31. Nc4 Bf6 32. Rf3 Rdd7 33. Ne5+ 1-0

[Event "Panamericano Sub 20 - Absoluto -"]
[Site "Montevideo"]
[Date "2009.10.06"]
[Round "1"]
[White "Cucchi, Nicolás"]
[Black "Diaz, Ciro"]
[Result "0-1"]
[WhiteElo "1963"]
[BlackElo "2323"]
[PlyCount "28"]
[EventDate "2009.10.??"]
[EventType "swiss"]
[EventRounds "9"]
[EventCountry "URU"]
[SourceDate "2009.10.06"]

1. e4 c5 2. Nf3 d6 3. d4 cxd4 4. Nxd4 Nf6 5. Nc3 a6 6. Bg5 e6 7. f4 Qc7 8. Qf3
Nbd7 9. O-O-O b5 10. Qh3 b4 11. Nxe6 fxe6 12. Qxe6+ Be7 13. Nd5 Nxd5 14. Rxd5
Nf6 0-1

[Event "Panamericano Sub 20 - Absoluto -"]
[Site "Montevideo"]
[Date "2009.10.06"]
[Round "1"]
[White "García Cárdenas, Pablo"]
[Black "Ibañez Iglesias, Rodrigo"]
[Result "1-0"]
[WhiteElo "2312"]
[BlackElo "1934"]
[PlyCount "61"]
[EventDate "2009.10.??"]
[EventType "swiss"]
[EventRounds "9"]
[EventCountry "URU"]
[SourceDate "2009.10.06"]

1. c4 c5 2. Nc3 Nc6 3. g3 g6 4. Bg2 Bg7 5. Nf3 e5 6. O-O Nge7 7. a3 O-O 8. d3
d6 9. Rb1 a5 10. Ne1 f5 11. Nc2 Bd7 12. b4 axb4 13. axb4 Nxb4 14. Nxb4 cxb4 15.
Rxb4 Bc6 16. Nd5 h6 17. Qb3 Kh7 18. Be3 Nxd5 19. cxd5 Bd7 20. Rxb7 Rb8 21. Rc1
f4 22. Rxb8 Qxb8 23. Qxb8 Rxb8 24. gxf4 Bg4 25. f3 Bf5 26. fxe5 Bxe5 27. Rc7+
Kh8 28. Bxh6 Rb1+ 29. Kf2 Bxh2 30. Bg7+ Kg8 31. e4 1-0

[Event "Panamericano Sub 20 - Absoluto -"]
[Site "Montevideo"]
[Date "2009.10.06"]
[Round "1"]
[White "Cabezas, Gonzalo"]
[Black "Krysa, Leandro"]
[Result "0-1"]
[WhiteElo "1929"]
[BlackElo "2284"]
[PlyCount "104"]
[EventDate "2009.10.??"]
[EventType "swiss"]
[EventRounds "9"]
[EventCountry "URU"]
[SourceDate "2009.10.06"]

1. c4 Nf6 2. g3 d5 3. cxd5 Nxd5 4. Bg2 g6 5. Nc3 Nxc3 6. bxc3 Bg7 7. Nf3 O-O 8.
O-O c5 9. d4 Nc6 10. Be3 Be6 11. Rb1 Na5 12. Qc1 Bxa2 13. Rb2 cxd4 14. Bxd4 Bc4
15. Bxg7 Kxg7 16. Ne5 Ba6 17. Rd1 Qc7 18. Qe3 Rad8 19. Rbd2 Rxd2 20. Rxd2 Rd8
21. Rxd8 Qxd8 22. Nd3 b6 23. Be4 Qd6 24. Kg2 Bb7 25. Nb4 Nc4 26. Qd3 Qxd3 27.
exd3 Bxe4+ 28. dxe4 Nd2 29. f3 Kf6 30. Kf2 Ke6 31. Ke2 Nc4 32. Kd3 Ne5+ 33. Ke3
Kd6 34. Na6 Nc6 35. f4 Kd7 36. e5 Kc8 37. Ke4 e6 38. Nb4 Nxb4 39. cxb4 Kb7 40.
Kd4 Kc6 41. Kc4 b5+ 42. Kd4 Kb6 43. Kc3 a5 44. bxa5+ Kxa5 45. Kb3 b4 46. Kb2
Kb5 47. Kb3 Kc5 48. Kb2 Kc4 49. Kc2 b3+ 50. Kb2 Kb4 51. Kb1 Kc3 52. Kc1 h5 0-1

[Event "Panamericano Sub 20 - Absoluto -"]
[Site "Montevideo"]
[Date "2009.10.06"]
[Round "1"]
[White "Meza, Hugo"]
[Black "Hurtado, Matías"]
[Result "1/2-1/2"]
[WhiteElo "2276"]
[BlackElo "1920"]
[PlyCount "73"]
[EventDate "2009.10.??"]
[EventType "swiss"]
[EventRounds "9"]
[EventCountry "URU"]
[SourceDate "2009.10.06"]

1. d4 d5 2. c4 c6 3. cxd5 cxd5 4. Bf4 Nc6 5. Nc3 Nf6 6. e3 a6 7. Bd3 e6 8. Rc1
Bd6 9. Bxd6 Qxd6 10. f4 Bd7 11. Nf3 Ng4 12. Qe2 f5 13. O-O O-O 14. a3 Rab8 15.
h3 Nf6 16. g4 g6 17. Ne5 Be8 18. Nb1 Ne4 19. Bxe4 fxe4 20. b4 Nxe5 21. fxe5 Qe7
22. Rxf8+ Qxf8 23. Rf1 Qh6 24. Qf2 Rc8 25. Kh2 Rc7 26. Qf6 Rc2+ 27. Rf2 Rxf2+
28. Qxf2 Qf8 29. Qg2 g5 30. Nd2 Bb5 31. Nb3 Bf1 32. Qg3 b6 33. Nd2 Bb5 34. Kg2
a5 35. Qf2 axb4 36. Qxf8+ Kxf8 37. axb4 1/2-1/2

[Event "Panamericano Sub 20 - Absoluto -"]
[Site "Montevideo"]
[Date "2009.10.06"]
[Round "1"]
[White "González Reyes, Gabriel"]
[Black "Uribe, Daniel"]
[Result "1-0"]
[WhiteElo "1917"]
[BlackElo "2264"]
[PlyCount "81"]
[EventDate "2009.10.??"]
[EventType "swiss"]
[EventRounds "9"]
[EventCountry "URU"]
[SourceDate "2009.10.06"]

1. Nf3 g6 2. d4 Bg7 3. c4 d6 4. Nc3 c6 5. e4 Bg4 6. Be2 Qb6 7. d5 Nd7 8. O-O
Ngf6 9. Qc2 O-O 10. Be3 Qc7 11. Nd4 Bxe2 12. Qxe2 Rfc8 13. Rac1 cxd5 14. Nxd5
Qd8 15. f3 h5 16. Rfd1 Ne5 17. a3 Nfd7 18. b4 e6 19. Nf4 a6 20. Kh1 Qc7 21. c5
dxc5 22. bxc5 Qa5 23. c6 bxc6 24. Nxc6 Rxc6 25. Rxc6 Nxc6 26. Rxd7 Qxa3 27. h3
Rb8 28. Rd3 Rb1+ 29. Kh2 Qa1 30. Rd6 Rh1+ 31. Kg3 Re1 32. Qd2 h4+ 33. Kxh4 g5+
34. Kxg5 Kh7 35. Rxc6 Bh6+ 36. Kh4 Rd1 37. Qc3 Qa2 38. Qf6 Bg7 39. Qxf7 Rd8 40.
Qg6+ Kh8 41. Rc7 1-0

[Event "Panamericano Sub 20 - Absoluto -"]
[Site "Montevideo"]
[Date "2009.10.06"]
[Round "1"]
[White "Pulvett, Daniel"]
[Black "Carbone, Diego"]
[Result "1-0"]
[WhiteElo "2237"]
[BlackElo "1912"]
[PlyCount "79"]
[EventDate "2009.10.??"]
[EventType "swiss"]
[EventRounds "9"]
[EventCountry "URU"]
[SourceDate "2009.10.06"]

1. e4 c5 2. Nf3 e6 3. d4 cxd4 4. Nxd4 Nc6 5. Nb5 d6 6. Bf4 Ne5 7. c4 a6 8. Nd4
Qc7 9. Nc3 b6 10. Qd2 Bb7 11. Rc1 Nf6 12. f3 Be7 13. Be2 O-O 14. O-O Rac8 15.
Kh1 Rfd8 16. Rfd1 Qb8 17. b3 h6 18. Na4 Nfd7 19. b4 Ng6 20. Be3 Ba8 21. a3 Nge5
22. Qa2 Nc6 23. Nb3 Nce5 24. Nd4 Nc6 25. Bf1 Nxd4 26. Bxd4 Bc6 27. Nc3 Bf6 28.
Be3 Ne5 29. a4 Qc7 30. Nd5 exd5 31. cxd5 Qb7 32. dxc6 Nxc6 33. Qd5 Qa8 34. Bxb6
Re8 35. b5 Re5 36. Qxd6 Be7 37. Qd7 Qb8 38. Rxc6 Rxc6 39. bxc6 Qxb6 40. c7 1-0

[Event "Panamericano Sub 20 - Absoluto -"]
[Site "Montevideo"]
[Date "2009.10.06"]
[Round "1"]
[White "Michailov, Matías"]
[Black "García Guerrero, Isaac"]
[Result "1-0"]
[WhiteElo "1886"]
[BlackElo "2156"]
[PlyCount "87"]
[EventDate "2009.10.??"]
[EventType "swiss"]
[EventRounds "9"]
[EventCountry "URU"]
[SourceDate "2009.10.06"]

1. e4 c5 2. Nf3 g6 3. d4 cxd4 4. Nxd4 Nc6 5. c4 Nf6 6. Nc3 Nxd4 7. Qxd4 d6 8.
Be3 Bg7 9. f3 O-O 10. Qd2 Be6 11. Be2 Qa5 12. O-O Rfc8 13. b3 a6 14. Rac1 b5
15. Nd5 Qxd2 16. Bxd2 Bxd5 17. exd5 bxc4 18. Bxc4 Nd7 19. Be3 Bb2 20. Rc2 Ba3
21. f4 Rc7 22. Re2 Bc5 23. Rfe1 Kf8 24. Bxc5 Nxc5 25. Re3 Rb8 26. g4 a5 27. g5
a4 28. Rh3 Kg7 29. Rhe3 axb3 30. axb3 Rbb7 31. Kf2 h6 32. gxh6+ Kxh6 33. f5 Ra7
34. fxg6 fxg6 35. R1e2 Rcb7 36. Kg3 Rc7 37. Kg4 Rab7 38. Rh3+ Kg7 39. Kg5 Rc8
40. Rh6 Rg8 41. Rxg6+ Kh7 42. Rxg8 Kxg8 43. Kg6 Nxb3 44. Ra2 1-0

[Event "Panamericano Sub 20 - Absoluto -"]
[Site "Montevideo"]
[Date "2009.10.07"]
[Round "2"]
[White "Krysa, Leandro"]
[Black "Diamant, André"]
[Result "1/2-1/2"]
[WhiteElo "2284"]
[BlackElo "2526"]
[PlyCount "70"]
[EventDate "2009.10.??"]
[EventType "swiss"]
[EventRounds "9"]
[EventCountry "URU"]
[SourceDate "2009.10.06"]

1. d4 Nf6 2. c4 g6 3. Nc3 Bg7 4. e4 d6 5. Nf3 O-O 6. Be2 Na6 7. O-O e5 8. Re1
Qe8 9. Bf1 Bg4 10. d5 Nb4 11. Be2 a5 12. h3 Bd7 13. a3 Na6 14. b3 Nc5 15. Nd2
Bh6 16. Qc2 Nh5 17. Bxh5 gxh5 18. Nf1 Bxc1 19. Raxc1 f5 20. b4 axb4 21. axb4
Nxe4 22. Nxe4 fxe4 23. Ng3 Qg6 24. Qxe4 Ra2 25. Qxg6+ hxg6 26. Re2 Ra4 27. Rb2
Rf4 28. Ne2 Rh4 29. f3 b5 30. cxb5 Rhxb4 31. Rxb4 Rxb4 32. Rxc7 Bxb5 33. Nc3
Bd3 34. Rc6 Rb3 35. Ne4 Bxe4 1/2-1/2

[Event "Panamericano Sub 20 - Absoluto -"]
[Site "Montevideo"]
[Date "2009.10.07"]
[Round "2"]
[White "Vázquez Reyes, Raúl"]
[Black "Gallego, Andrés"]
[Result "0-1"]
[WhiteElo "2137"]
[BlackElo "2404"]
[PlyCount "62"]
[EventDate "2009.10.??"]
[EventType "swiss"]
[EventRounds "9"]
[EventCountry "URU"]
[SourceDate "2009.10.06"]

1. e4 c5 2. Nf3 Nc6 3. d4 cxd4 4. Nxd4 Nf6 5. Nc3 e5 6. Ndb5 d6 7. Bg5 a6 8.
Na3 b5 9. Bxf6 gxf6 10. Nd5 Bg7 11. c3 f5 12. exf5 Bxf5 13. Nc2 O-O 14. Nce3
Bg6 15. a4 b4 16. Bc4 bxc3 17. bxc3 e4 18. h4 h6 19. h5 Bh7 20. O-O Ne5 21. Rb1
Qg5 22. Be2 Ra7 23. Nc4 Nxc4 24. Bxc4 Kh8 25. Rb6 Be5 26. Ne3 f5 27. Rxd6 f4
28. Ng4 f3 29. Qd5 Qxg4 30. Qxe5+ Rg7 31. Qg3 Qxh5 0-1

[Event "Panamericano Sub 20 - Absoluto -"]
[Site "Montevideo"]
[Date "2009.10.07"]
[Round "2"]
[White "Ibarra Chami, Luis"]
[Black "Arcos Facio, Mateo"]
[Result "1-0"]
[WhiteElo "2393"]
[BlackElo "2109"]
[PlyCount "71"]
[EventDate "2009.10.??"]
[EventType "swiss"]
[EventRounds "9"]
[EventCountry "URU"]
[SourceDate "2009.10.06"]

1. e4 e5 2. Nf3 Nc6 3. Bb5 f5 4. d3 fxe4 5. dxe4 Nf6 6. O-O d6 7. Qd3 Bg4 8. h3
Bxf3 9. Qxf3 Be7 10. Bc4 Qd7 11. a4 Nd4 12. Qd3 O-O-O 13. Nc3 Ne6 14. b4 Nh5
15. Qd5 Nd4 16. Nb5 Nf6 17. Nxa7+ Kb8 18. Qa5 Nxe4 19. Be3 d5 20. Bxd4 exd4 21.
Nb5 Qc6 22. Bxd5 Qxd5 23. Qxc7+ Ka8 24. Qxe7 Qc6 25. Rfe1 Nd2 26. Re6 Rd7 27.
Qe8+ Qc8 28. Qxc8+ Rxc8 29. Rd1 Nc4 30. Rxd4 Rxd4 31. Nxd4 g6 32. Re7 h5 33.
Rg7 Re8 34. Nb5 Kb8 35. g3 Ne5 36. Rxb7+ 1-0

[Event "Panamericano Sub 20 - Absoluto -"]
[Site "Montevideo"]
[Date "2009.10.07"]
[Round "2"]
[White "Cóppola, Claudio"]
[Black "Macias, Bryan"]
[Result "0-1"]
[WhiteElo "2105"]
[BlackElo "2363"]
[PlyCount "68"]
[EventDate "2009.10.??"]
[EventType "swiss"]
[EventRounds "9"]
[EventCountry "URU"]
[SourceDate "2009.10.06"]

1. d4 Nf6 2. c4 c5 3. Nf3 cxd4 4. Nxd4 b6 5. Nc3 Bb7 6. f3 d6 7. e4 e6 8. Bd3
a6 9. O-O Nbd7 10. Qe2 Be7 11. b3 Qc7 12. Bb2 O-O 13. Rac1 Rfe8 14. Rfd1 Rac8
15. Bb1 Qb8 16. Kh1 Ne5 17. Nc2 Ng6 18. Ne3 h5 19. g3 h4 20. gxh4 Nh5 21. Qg2
Nhf4 22. Qg4 Bxh4 23. Ng2 Nxg2 24. Qxg2 Rc5 25. Rg1 Rh5 26. Ne2 Bg5 27. Rcd1
Bh6 28. Ng3 Rh4 29. Ne2 b5 30. Ba3 d5 31. exd5 exd5 32. cxd5 Qe5 33. Qg3 Bxd5
34. Bxg6 Bxf3+ 0-1

[Event "Panamericano Sub 20 - Absoluto -"]
[Site "Montevideo"]
[Date "2009.10.07"]
[Round "2"]
[White "Diaz, Ciro"]
[Black "González Reyes, Gabriel"]
[Result "1-0"]
[WhiteElo "2323"]
[BlackElo "1917"]
[PlyCount "55"]
[EventDate "2009.10.??"]
[EventType "swiss"]
[EventRounds "9"]
[EventCountry "URU"]
[SourceDate "2009.10.06"]

1. e4 e5 2. Nf3 d6 3. d4 Nf6 4. Nc3 Nbd7 5. Bc4 Be7 6. O-O O-O 7. Re1 c6 8. a4
Qc7 9. b3 Nb6 10. Bd3 Bg4 11. Ne2 a5 12. Be3 Nfd7 13. Ng3 Bf6 14. c3 Rfe8 15.
h3 Be6 16. Nh5 Bd8 17. c4 d5 18. c5 Nc8 19. exd5 Bxd5 20. Nxe5 Nxe5 21. dxe5
Rxe5 22. Bd4 Rxe1+ 23. Qxe1 Qe7 24. Qb1 f5 25. Bxf5 Qg5 26. Bxh7+ Kf7 27. g4 g6
28. Be3 1-0

[Event "Panamericano Sub 20 - Absoluto -"]
[Site "Montevideo"]
[Date "2009.10.07"]
[Round "2"]
[White "Sanguinetti, Luis"]
[Black "Michailov, Matías"]
[Result "1-0"]
[WhiteElo "2116"]
[BlackElo "1886"]
[PlyCount "113"]
[EventDate "2009.10.??"]
[EventType "swiss"]
[EventRounds "9"]
[EventCountry "URU"]
[SourceDate "2009.10.06"]

1. d4 Nf6 2. Nf3 g6 3. g3 Bg7 4. Bg2 O-O 5. O-O d6 6. c4 Nc6 7. Nc3 a6 8. h3
Bd7 9. e4 e5 10. Be3 Rb8 11. Rc1 b5 12. cxb5 axb5 13. dxe5 dxe5 14. Bc5 Re8 15.
Qc2 Qc8 16. Kh2 b4 17. Nb1 Qa6 18. a3 bxa3 19. Bxa3 Nd4 20. Nxd4 exd4 21. Qxc7
Bh6 22. f4 Rbc8 23. Qd6 Qxd6 24. Bxd6 Rxc1 25. Rxc1 Nxe4 26. Bb4 Nf2 27. Rc7
Be6 28. Nd2 Nd3 29. Rb7 Nxb4 30. Rxb4 Rd8 31. Be4 Bf8 32. Rb5 Rc8 33. Nf3 Bg7
34. Rb4 Rd8 35. Bd3 Bf5 36. Bxf5 gxf5 37. Kg2 d3 38. Nd2 Re8 39. Kf3 Re2 40.
Nf1 Re1 41. Ne3 Bf6 42. Rb3 Bd4 43. Rxd3 Bxe3 44. Rxe3 Rb1 45. Re2 Kg7 46. Ke3
Rd1 47. Rc2 Re1+ 48. Kd4 Rg1 49. Rc3 Kf6 50. b4 Ke6 51. Kc5 Rd1 52. b5 Kd7 53.
Kb6 Rd6+ 54. Ka7 Rd5 55. b6 Ra5+ 56. Kb8 Rb5 57. b7 1-0

[Event "Panamericano Sub 20 - Absoluto -"]
[Site "Montevideo"]
[Date "2009.10.07"]
[Round "2"]
[White "Uribe, Daniel"]
[Black "Meza, Hugo"]
[Result "1-0"]
[WhiteElo "2264"]
[BlackElo "2276"]
[PlyCount "47"]
[EventDate "2009.10.??"]
[EventType "swiss"]
[EventRounds "9"]
[EventCountry "URU"]
[SourceDate "2009.10.06"]

1. e4 c5 2. Nf3 g6 3. d4 Bg7 4. Nc3 cxd4 5. Nxd4 Nc6 6. Be3 Nf6 7. Nxc6 bxc6 8.
e5 Nd5 9. Nxd5 cxd5 10. Qxd5 Rb8 11. Bxa7 Rxb2 12. Bd4 Rxc2 13. Bd3 e6 14. Qa8
Rc6 15. Bb5 Ra6 16. Bxa6 Qa5+ 17. Kf1 O-O 18. Qa7 Bxa6+ 19. Kg1 Rc8 20. h4 h5
21. Rb1 Rc2 22. Rh3 Rxa2 23. Qxd7 Rd2 24. Rf3 1-0

[Event "Panamericano Sub 20 - Absoluto -"]
[Site "Montevideo"]
[Date "2009.10.07"]
[Round "2"]
[White "Ibañez Iglesias, Rodrigo"]
[Black "Carlo, Daniel"]
[Result "1-0"]
[WhiteElo "1934"]
[BlackElo "2091"]
[PlyCount "103"]
[EventDate "2009.10.??"]
[EventType "swiss"]
[EventRounds "9"]
[EventCountry "URU"]
[SourceDate "2009.10.06"]

1. e4 c5 2. Nf3 e6 3. d4 cxd4 4. Nxd4 a6 5. Nc3 Qc7 6. a3 b5 7. Be2 Nf6 8. Bf3
Bb7 9. O-O d6 10. Re1 Nbd7 11. Bg5 Be7 12. Bxf6 gxf6 13. Bh5 Ne5 14. Nxe6 Qd7
15. Nd5 Rc8 16. Ng7+ Kf8 17. Nb6 Qc6 18. Nxc8 Bxc8 19. Nf5 Rg8 20. Nxe7 Kxe7
21. Qd5 Qc7 22. Rad1 Rg5 23. Be2 Bh3 24. g3 Nf3+ 25. Bxf3 Rxd5 26. exd5+ Kf8
27. Re2 Bf5 28. Rde1 Kg7 29. c3 Qc4 30. Re7 Qb3 31. R7e3 Qc2 32. R1e2 Qb3 33.
Rd2 Kf8 34. h4 Bb1 35. Re1 Bc2 36. Rde2 Kg7 37. h5 Bd1 38. Re3 Bxf3 39. Rxf3 h6
40. Rf4 Qxb2 41. Re8 f5 42. Re3 Qb3 43. Ref3 Qxd5 44. Rxf5 Qe6 45. Rxf7+ Qxf7
46. Rxf7+ Kxf7 47. f4 d5 48. Kf2 Kf6 49. g4 Ke6 50. Ke3 Kd7 51. Kd4 Kd6 52. g5
1-0

[Event "Panamericano Sub 20 - Absoluto -"]
[Site "Montevideo"]
[Date "2009.10.07"]
[Round "2"]
[White "Silveira, Shubert"]
[Black "Cabezas, Gonzalo"]
[Result "1-0"]
[WhiteElo "2065"]
[BlackElo "1929"]
[PlyCount "43"]
[EventDate "2009.10.??"]
[EventType "swiss"]
[EventRounds "9"]
[EventCountry "URU"]
[SourceDate "2009.10.06"]

1. e4 c5 2. Nf3 d6 3. d4 cxd4 4. Nxd4 Nf6 5. Nc3 g6 6. Be3 Bg7 7. f3 O-O 8. Qd2
Nc6 9. Bc4 Bd7 10. h4 Rc8 11. Bb3 h5 12. O-O-O Ne5 13. Bg5 Rc5 14. Kb1 Re8 15.
g4 hxg4 16. h5 Nxh5 17. Rxh5 gxh5 18. Nd5 Qa5 19. c3 e6 20. Nf6+ Bxf6 21. Bxf6
gxf3 22. Qh6 1-0

[Event "Panamericano Sub 20 - Absoluto -"]
[Site "Montevideo"]
[Date "2009.10.07"]
[Round "2"]
[White "Carbone, Diego"]
[Black "Mamani, Joan"]
[Result "1/2-1/2"]
[WhiteElo "1912"]
[BlackElo "2060"]
[PlyCount "115"]
[EventDate "2009.10.??"]
[EventType "swiss"]
[EventRounds "9"]
[EventCountry "URU"]
[SourceDate "2009.10.06"]

1. c4 e5 2. Nc3 Nc6 3. g3 g6 4. Bg2 Bg7 5. e3 d6 6. Nge2 Nf6 7. O-O O-O 8. d4
exd4 9. Nxd4 Nxd4 10. exd4 c6 11. Qb3 Re8 12. a4 Ng4 13. Qd1 Qf6 14. h3 Nh6 15.
Ne4 Qd8 16. Bg5 f6 17. Nxf6+ Bxf6 18. Bxh6 Qb6 19. Be3 Qxb2 20. a5 a6 21. Qf3
Bg7 22. Rfb1 Qc3 23. Rc1 Qd3 24. Bf1 Qf5 25. Qxf5 Bxf5 26. g4 Be4 27. Ra4 Rac8
28. Bg2 c5 29. dxc5 dxc5 30. Bxe4 Rxe4 31. Rd1 Bd4 32. Bxd4 cxd4 33. Rd3 Rc5
34. Kg2 g5 35. Rb4 Rxa5 36. Rxb7 Rc5 37. Ra7 Rf4 38. Rxa6 Rxc4 39. Rd6 Kg7 40.
Ra3 Rf7 41. Ra5 h6 42. Raa6 Rc2 43. Rg6+ Kh7 44. Rxh6+ Kg7 45. Rhg6+ Kh7 46.
Rh6+ Kg7 47. Rag6+ Kf8 48. Rf6 d3 49. Rxf7+ Kxf7 50. Rd6 d2 51. Rd3 Ke6 52. Kf1
Ke5 53. Ke2 d1=Q+ 54. Kxd1 Rxf2 55. Ke1 Ra2 56. Rb3 Kf4 57. Kf1 Rd2 58. Kg1
1/2-1/2

[Event "Panamericano Sub 20 - Absoluto -"]
[Site "Montevideo"]
[Date "2009.10.07"]
[Round "3"]
[White "Macias, Bryan"]
[Black "Tristán, Leonardo"]
[Result "1/2-1/2"]
[WhiteElo "2363"]
[BlackElo "2412"]
[PlyCount "94"]
[EventDate "2009.10.??"]
[EventType "swiss"]
[EventRounds "9"]
[EventCountry "URU"]
[SourceDate "2009.10.06"]

1. d4 Nf6 2. c4 e6 3. Nf3 d5 4. e3 Bb4+ 5. Nc3 O-O 6. Bd3 c5 7. O-O Nc6 8. a3
Bxc3 9. bxc3 Qc7 10. Qe2 Na5 11. Ne5 b6 12. cxd5 exd5 13. a4 Nb3 14. Rb1 Nxc1
15. Rfxc1 Be6 16. h3 Nd7 17. Nf3 h6 18. Bc2 Rae8 19. Qd3 Nf6 20. Ne5 c4 21. Qe2
Nd7 22. Nf3 f5 23. Re1 Qd6 24. Ra1 g5 25. Nh2 Kg7 26. Reb1 a6 27. h4 g4 28. Nf1
Nf6 29. Ng3 Nd7 30. Nh5+ Kh8 31. Nf4 Kg7 32. g3 Nf6 33. Qd2 Bd7 34. Qc1 Rb8 35.
Rb4 Rb7 36. Rb2 Rfb8 37. Qb1 Ne4 38. Bxe4 fxe4 39. Qa2 Be8 40. Qa3 Qxa3 41.
Rxa3 Bf7 42. Ra1 h5 43. Ng2 Kf6 44. Ne1 Ke7 45. Nc2 Kd6 46. Kf1 Be6 47. Ke2 Bf7
1/2-1/2

[Event "Panamericano Sub 20 - Absoluto -"]
[Site "Montevideo"]
[Date "2009.10.07"]
[Round "3"]
[White "Gallego, Andrés"]
[Black "Diaz, Ciro"]
[Result "0-1"]
[WhiteElo "2404"]
[BlackElo "2323"]
[PlyCount "70"]
[EventDate "2009.10.??"]
[EventType "swiss"]
[EventRounds "9"]
[EventCountry "URU"]
[SourceDate "2009.10.06"]

1. e4 e5 2. Nf3 Nc6 3. Bb5 a6 4. Ba4 Nf6 5. O-O Be7 6. Re1 b5 7. Bb3 O-O 8. c3
d5 9. exd5 Nxd5 10. Nxe5 Nxe5 11. Rxe5 c6 12. d3 Bd6 13. Re1 Bf5 14. Qf3 Qh4
15. g3 Qh3 16. Bxd5 cxd5 17. Qxd5 Rad8 18. Qg2 Qh5 19. Be3 Bh3 20. Qb7 Bb8 21.
Nd2 Rxd3 22. a4 Rd7 23. Qf3 Bg4 24. Qc6 Rd6 25. Qb7 Be6 26. Qf3 Bg4 27. Qe4 f5
28. Qb4 f4 29. Bxf4 Rxd2 30. Bxd2 Rxf2 31. h3 Rg2+ 32. Kxg2 Qxh3+ 33. Kg1 Qxg3+
34. Kf1 Qf3+ 35. Kg1 Bh2+ 0-1